El arte de la herrería en México (Record no. 1226)

MARC details
000 -CABECERA
campo de control de longitud fija 00994nam a2200229 a 4500
001 - NÚMERO DE CONTROL
campo de control BRCA_1364
005 - FECHA Y HORA DE LA ÚLTIMA TRANSACCIÓN
campo de control 20190320203408.0
008 - DATOS DE LONGITUD FIJA--INFORMACIÓN GENERAL
campo de control de longitud fija 950323s1995 mx-a---###---#000-0#spa-#
020 ## - NÚMERO INTERNACIONAL ESTÁNDAR DEL LIBRO
Número Internacional Estándar del Libro 9686258469
040 ## - FUENTE DE LA CATALOGACIÓN
Centro catalogador/agencia de origen DLC
Centro/agencia transcriptor DLC
050 #4 - SIGNATURA TOPOGRÁFICA DE LA BIBLIOTECA DEL CONGRESO
Número de clasificación NK8214
Número de documento/Ítem .A78 1995
245 10 - MENCIÓN DE TÍTULO
Título El arte de la herrería en México
Mención de responsabilidad, etc. introducción Guillermo Tovar de Teresa ; textos Efraín Castro Morales ; fotografías José Ignacio González Manterola.
260 ## - PUBLICACIÓN, DISTRIBUCIÓN, ETC.
Lugar de publicación, distribución, etc. México
Nombre del editor, distribuidor, etc. Grupo Financiero Bancomer
Fecha de publicación, distribución, etc. 1995
300 ## - DESCRIPCIÓN FÍSICA
Extensión 228 p.
Otras características físicas il. a color
Dimensiones 35 cm.
500 ## - NOTA GENERAL
Nota general Incluye piezas de la colección Franz Mayer: p. [62], 64, 73, 109-110, 145, 147, 150, [153] y [216]
650 14 - PUNTO DE ACCESO ADICIONAL DE MATERIA--TÉRMINO DE MATERIA
Término de materia o nombre geográfico como elemento de entrada Estructuras de hierro
Subdivisión de forma Trabajos Ilustrados
Subdivisión general Historia
Subdivisión geográfica México
9 (RLIN) 4467
650 14 - PUNTO DE ACCESO ADICIONAL DE MATERIA--TÉRMINO DE MATERIA
Término de materia o nombre geográfico como elemento de entrada Estructuras de hierro arquitectónicas
Subdivisión de forma Trabajos Ilustrados
Subdivisión general Historia
Subdivisión geográfica México
9 (RLIN) 4468
700 1# - PUNTO DE ACCESO ADICIONAL--NOMBRE DE PERSONA
Nombre de persona González Manterola, José Ignacio
9 (RLIN) 2339
700 1# - PUNTO DE ACCESO ADICIONAL--NOMBRE DE PERSONA
Nombre de persona Tovar de Teresa, Guillermo
9 (RLIN) 3098
700 1# - PUNTO DE ACCESO ADICIONAL--NOMBRE DE PERSONA
Nombre de persona Castro Morales, Efraín
9 (RLIN) 4469
942 ## - ELEMENTOS DE PUNTO DE ACCESO ADICIONAL (KOHA)
Fuente del sistema de clasificación o colocación Library of Congress Classification
Tipo de ítem Koha Libros
Holdings
Estado de retiro Estado de pérdida Estado dañado No para préstamo Localización permanente Ubicación/localización actual Fecha de adquisición Total de préstamos Signatura topográfica completa Código de barras Fecha visto por última vez Precio válido a partir de Tipo de ítem Koha
El ejemplar forma parte de la colección y puede ser consultado según las políticas vigentes.       Biblioteca del Museo Franz Mayer (Rogerio Casas-Alatriste) Biblioteca del Museo Franz Mayer (Rogerio Casas-Alatriste) 26/06/2008   NK8214 .A78 1995 01886 22/03/2019 22/03/2019 Libros